00890 2200313 4500001002100000005001500021035002500036007000300061008004100064020002200105040001700127082001400144084001600158100001600174245011800190250001100308260003600319300003000355650003200385700002100417700001400438850001200452090002000464090002100484041000800505999002100513990002100534990002100555INLIS00000000002559720190729034117 a0010-021700000000411ta170214s2017 yoia a ind d a978-602-407-083-0 aYOPDYOGbind04223a372.7 a372.7 DES s0 aDesy Wijaya10aSupermart book :bdasar-dasr matematika TK A /cDesy Wijaya ; penyunting, Mahadewa Adiseta ; ilustrator Mbah Wito aCet.1.31aYogyakarta :bSaufa Kids,c2017 a83 hlm. :bilus. ;c27 cm 4aPendidikan dasar-Matematika0 aMahadewa Adiseta0 aMbah Wito aYOPDYOG aDEP 372.7 DES s aCB-D.11 2017-0220 aind aCB-D.11/2017-022 aCB-D.11/2017-022 aCB-D.11/2017-022